Statistics for RuPaul's Drag Race Trivia

Click here to take the quiz!

General Stats

  • This quiz has been taken 56 times
  • The average score is 8 of 21

Answer Stats

HintAnswer% Correct
When did season 1 of RPDR first air? (year)2009
100%
Is Latrice Royale Manila's drag mother?No
65%
Did Coco Montrese win All-Stars 2?No
65%
Who was the first queen to enter the werkroom in the 2nd premiere of season 6?Bianca Del Rio
63%
How many maxi challenges has Nicky Doll won?0
60%
Which queen placed 6th in season 2?Jessica Wild
56%
Who had the following entrance line: "Check your lipstick before you come for me"?Naomi Smalls
49%
How many All-Stars 7 contestants are All-Stars winners?3
47%
Who said the iconic line: "You're a liar and this is why Derrick don't like you"?Alexis Mateo
40%
Who said that Trixie's "haute couture" looked like "haute glue"?Violet Chachki
37%
Apart from the winner and the runner-up, who made the most money in cash prizes during season 14?Bosco
35%
Which of the season 4 contestants is the drag mother of Lineysha Sparx?Madame LaQueer
35%
Who was the host of "The Pit Stop" for season 10?Raja
26%
What was the nickname of the superteam Pandora Boxx and Mimi Imfurst?Mandora
21%
Who was a guest judge four times in season 13?Loni Love
19%
Who is the All-Stars 3 contestant of Norwegian descent?Thorgy Thor
19%
Where is Penny Tration's hometown (name the state only)?Ohio
16%
What was Raja's entrance line in season 3?None
14%
Trinity K. Bonet was lip syncing to the song "__________" by JLo when her wig gave up. (fill in the blank)Dance Again
9%
What did Silky Nutmeg Ganache claim to be "ready to do so"?Lip syncing
9%
What was the theme for season 9's promo?Monochrome
5%

Score Distribution

Percentile by Number Answered

Percent of People with Each Score

Your Score History

You have not taken this quiz